| 000 | 01418nam a22003614a 4500 | ||
|---|---|---|---|
| 001 | ebr10038977 | ||
| 003 | CaPaEBR | ||
| 006 | m u | ||
| 007 | cr cn||||||||| | ||
| 008 | 030401s2003 dcu s 000 0 eng | ||
| 010 | _z 2003050081 | ||
| 020 | _z0821354833 | ||
| 020 | _z0821354841 (eISBN) | ||
| 040 |
_aCaPaEBR _cCaPaEBR |
||
| 035 | _a(OCoLC)52965540 | ||
| 050 | 1 | 4 |
_aRA643.86.B86 _bN68 2003eb |
| 082 | 0 | 4 |
_a362.1/969792/009496 _221 |
| 100 | 1 | _aNovotny, Thomas E. | |
| 245 | 1 | 0 |
_aHIV/AIDS in Southeastern Europe _h[electronic resource] : _bcase studies from Bulgaria, Croatia, and Romania / _cThomas Novotny, Dominic Haazen, Olusoji Adeyi. |
| 260 |
_aWashington, D.C. : _bWorld Bank, _cc2003. |
||
| 300 | _aix, 37 p. | ||
| 490 | 1 |
_aWorld Bank working paper, _x1726-5878 ; _vno. 4 |
|
| 533 |
_aElectronic reproduction. _bPalo Alto, Calif. : _cebrary, _d2013. _nAvailable via World Wide Web. _nAccess may be limited to ebrary affiliated libraries. |
||
| 650 | 0 |
_aAIDS (Disease) _zBulgaria. |
|
| 650 | 0 |
_aAIDS (Disease) _zCroatia. |
|
| 650 | 0 |
_aAIDS (Disease) _zRomania. |
|
| 655 | 7 |
_aElectronic books. _2local |
|
| 700 | 1 |
_aHaazen, Dominic, _d1954- |
|
| 700 | 1 | _aAdeyi, Olusoji. | |
| 710 | 2 | _aebrary, Inc. | |
| 830 | 0 |
_aWorld Bank working paper ; _vno. 4. |
|
| 856 | 4 | 0 |
_uhttp://site.ebrary.com/lib/rucke/Doc?id=10038977 _zAn electronic book accessible through the World Wide Web; click to view |
| 999 |
_c58112 _d58112 |
||